01102 a2200229 4500003000500000005001700005010001600022020004300038040000900081082001700090100003000107245009000137260005500227300003500282505032400317650001600641650001600657700002800673942002600701999001900727952012600746NUST20230120124545.0 a 94002182 a020156310X (recycled, acid-free paper) cNust00a658.4092,BEN1 aBennis, Warren G.910724110aLearning to lead :ba workbook on becoming a leader /cWarren Bennis, Joan Goldsmith. aReading, Mass. :bAddison-Wesley Pub. Co.,cc1994. axvii, 182 p. ;bill. ;c24 cm. aLeadership for the 1990 and Beyond (Page-1), How to Use this Workbook (Page-21), How to Use this Workbook (Page-21), The Leadership Crisis (Page-41), Knowing Yourself (Page-69), Creating and Communicating a Vision (Page-99), Maintaining Trust Through Integrity (Page-119), Realizing Intention through Action (Page-143). 0aLeadership. 0aManagement.1 aGoldsmith, Joan.920677 2ddccBKk658.4092,BEN c184942d184942 00102ddc4070aMCSbMCScGENd2016-12-12o658.4092,BENpMCS27037r2016-12-08w2016-12-12yBKzAlmirah No.55, Shelf No.2